000 00438nam a2200157 i 4500
001 39334
003 ES-MaACL
005 20230906155941.0
007 t|
008 030227s1969 sp ||||1| spa d
100 1 _aCamus, Matilde.
_934363
245 1 0 _aVoces /
_cMatilde Camus.
260 _aSantander :
_b[Matilde Camus],
_c1969 (
_fCasa cuevas)
300 _a62 p., 1 lám. retr. aut. ;
_c21 cm.
852 _aES-MaACL
_jC-36076
_bR.69469
999 _c39334
_d39334